|
|
|
|
| LEADER |
00000nam0a2200000 4500 |
| 001 |
342272 |
| 005 |
20231220131415.0 |
| 035 |
|
|
|a (RuTPU)RU\TPU\book\370978
|
| 090 |
|
|
|a 342272
|
| 100 |
|
|
|a 20190122d2018 k y0rusy50 ca
|
| 101 |
0 |
|
|a rus
|
| 102 |
|
|
|a RU
|
| 105 |
|
|
|a a dm 001zy
|
| 200 |
1 |
|
|a Региоселективный синтез и свойства ацетильных производных фенолгликозидов
|e автореферат диссертации на соискание ученой степени кандидата химических наук
|e спец. 02.00.03
|f М. О. Нагорная
|g Национальный исследовательский Томский политехнический университет, Инженерная школа новых производственных технологий, Научно-образовательный центр Н. М. Кижнера ; науч. рук. В. Д. Филимонов
|
| 210 |
|
|
|a Томск
|c [Б. и.]
|d 2018
|
| 215 |
|
|
|a 22 с.
|c ил.
|
| 300 |
|
|
|a Защита сост. 19.12.2018 г.
|
| 320 |
|
|
|a Библиогр.: с. 21-23 (15 назв.)
|
| 452 |
|
1 |
|0 (RuTPU)RU\TPU\book\369834
|t Региоселективный синтез и свойства ацетильных производных фенолгликозидов
|o автореферат диссертации на соискание ученой степени кандидата химических наук
|o спец. 02.00.03
|f М. О. Нагорная
|g Национальный исследовательский Томский политехнический университет ; науч. рук. В. Д. Филимонов
|c Томск
|d 2018
|a Нагорная, Марина Олеговна
|
| 606 |
1 |
|
|a Гликозиды
|x Химия
|2 stltpush
|3 (RuTPU)RU\TPU\subj\7322
|9 35016
|
| 610 |
1 |
|
|a авторефераты диссертаций
|
| 610 |
1 |
|
|a фенолгликозиды
|
| 610 |
1 |
|
|a ацетильные производные
|
| 610 |
1 |
|
|a региоселективный синтез
|
| 610 |
1 |
|
|a ацетиларилгликозиды
|
| 610 |
1 |
|
|a биологическая активность
|
| 610 |
1 |
|
|a гидроксильные группы
|
| 610 |
1 |
|
|a углеводы
|
| 610 |
1 |
|
|a строительные блоки
|
| 610 |
1 |
|
|a гликозилирование
|
| 610 |
1 |
|
|a кислотно-катализируемый алколиз
|
| 610 |
1 |
|
|a селективное удаление
|
| 610 |
1 |
|
|a ацетильные группы
|
| 610 |
1 |
|
|a арилгликозиды
|
| 610 |
1 |
|
|a олигосахариды
|
| 610 |
1 |
|
|a труды учёных ТПУ
|
| 675 |
|
|
|a 547.918(04)
|v 4
|
| 686 |
|
|
|a 02.00.03
|2 oksvnk
|
| 700 |
|
1 |
|a Нагорная
|b М. О.
|c химик
|c ассистент кафедры Томского политехнического университета, техник
|f 1990-
|g Марина Олеговна
|3 (RuTPU)RU\TPU\pers\37183
|
| 702 |
|
1 |
|a Филимонов
|b В. Д.
|c химик
|c профессор Томского политехнического университета, доктор химических наук
|f 1945-
|g Виктор Дмитриевич
|3 (RuTPU)RU\TPU\pers\12908
|4 727
|9 3693
|
| 712 |
0 |
2 |
|a Национальный исследовательский Томский политехнический университет
|b Инженерная школа новых производственных технологий
|b Научно-образовательный центр Н. М. Кижнера
|3 (RuTPU)RU\TPU\col\23556
|
| 801 |
|
1 |
|a RU
|b 63413507
|c 20190122
|
| 801 |
|
2 |
|a RU
|b 63413507
|c 20190211
|g RCR
|
| 942 |
|
|
|c BK
|